Record Details

MEDICINE MANAGEMENT SKILLS FOR NURSES

CLAIRE BOYD (Author).

Record details

  • ISBN: 9781118448854
  • Edition: SECOND
  • Publisher: WILEY BLACKWELL 2013
Subject: MEDICINE

Available copies

  • 10 of 10 copies available at Headquarters.

Other Formats and Editions

English (2)
Location Call Number / Copy Notes Barcode Shelving Location Status Due Date
Accra Central Library 201 615.5/BOY 000000034517 600 - Technology-How things are made, Human Body, Health & Disease, Pets, Farms, Cars, Cooking - EXT Available -
Accra Central Library 201 615.5/BOY 000000034562 600 - Technology-How things are made, Human Body, Health & Disease, Pets, Farms, Cars, Cooking - EXT Available -
Accra Central Library 201 615.5/BOY 000000034401 600 - Technology-How things are made, Human Body, Health & Disease, Pets, Farms, Cars, Cooking - REF Available -
Dansoman Library 201 615.5/BOYD 000000034593 500 - Science & Math, Space, Earth, Weather, Animals,Plants Available -
Dodowa Library 201 615.5/BOY 000000012836 600 - Technology-How things are made, Human Body, Health & Disease, Pets, Farms, Cars, Cooking Available -
Dodowa Library 201 615.5/BOY 000000034586 600 - Technology-How things are made, Human Body, Health & Disease, Pets, Farms, Cars, Cooking Available -
Lartebiokorshie Grace Library 201 615.5/BOY 000000034524 600 - Technology-How things are made, Human Body, Health & Disease, Pets, Farms, Cars, Cooking Available -
Tema Library 201 615.5/BOY 000000012829 600 - Technology-How things are made, Human Body, Health & Disease, Pets, Farms, Cars, Cooking Available -
Teshie Library 201 615.5/BOY 000000034371 600 - Technology-How things are made, Human Body, Health & Disease, Pets, Farms, Cars, Cooking Available -
The George Padmore Research Library 201 615.5/BOY 000002224312 600 - Technology-How things are made, Human Body, Health & Disease, Pets, Farms, Cars, Cooking Available -

No reviews or recommendations are currently available.

Loading shelf browser…

LDR 00620cam a2200205Ka 4500
001130
003HQ
00520191015132753.0
008070101s enko frf eng d
020 . ‡a9781118448854
037 . ‡aBOOK AID
082 . ‡a615.5/BOY
100 . ‡aCLAIRE BOYD
245 . ‡aMEDICINE MANAGEMENT SKILLS FOR NURSES
250 . ‡aSECOND
260 . ‡LLONDONWILEY BLACKWELL ‡c2013
365 . ‡aNOT FOR SALE
650 . ‡aMEDICINE
901 . ‡a130 ‡bAUTOGEN ‡c130 ‡tbiblio

Session Timeout

Your session will expire in minutes and seconds.

If you need more time, please click "Continue Session."

Session Ended

Your session has ended. Redirecting to the home page...